00352nam a2200133 450000500170000010000100001724500520002726400340007930000180011333600220013133700240015333800240017799900170020120260530115257.01 aICSID10aDesign for need / Social Contribution of Design 1bICSID by Pergamon Pressc1976 a154 páginas atexto2rdacontent asin medio2rdamedia avolumen2rdacarrier c12681d12681